|
|
|
|
| LEADER |
00000nab a2200000 i 4500 |
| 001 |
in00000000949 |
| 005 |
20251126075728.7 |
| 002 |
ПерфиМАКПОГОЕНРСРИАМСТРИПОНЧЕРОЕКИПСТНРКИГООВАМГЫЫОШЛЕННОГО |
| 008 |
080221u9999ru_ rus d |
| 035 |
|
|
|a ( UA-KiNSAL)ПерфиМАКПОГОЕНРСРИАМСТРИПОНЧЕРОЕКИПСТНРКИГООВАМГЫЫОШЛЕННОГО
|
| 040 |
|
|
|a UA-KiNSAL
|b ukr
|c UA-KiNSAL
|
| 080 |
|
|
|a 631.58;631.4;528.93
|
| 090 |
|
|
|a 631.58;631.4;528.93
|
| 100 |
1 |
|
|a Перфильев, С.Е.,
|e автор.
|
| 245 |
1 |
0 |
|a Перспективы космического аграрнопромышленного мониторинга :
|b научное издание /
|c С. Е. Перфильев
|
| 530 |
|
|
|a Original record
|u https://kubg.libs.net.ua/kubg_recs/0000020418.txt
|
| 650 |
0 |
4 |
|a Економіка
|
| 773 |
0 |
|
|t Аграрная наука
|d М..- 2007. - №10.
|g 2007. - №10., С. 9-11.
|
| 942 |
|
|
|2 UDC
|c ARTICLE
|
| 952 |
|
|
|b книга
|z 20080221
|i Ветеренарна медицина України
|j ПерфиМАКПОГОЕНРСРИАМСТРИПОНЧЕРОЕКИПСТНРКИГООВАМГЫЫОШЛЕННОГО
|o 631.58;631.4;528.93
|c 1
|
| 920 |
|
|
|a ASP
|
| 961 |
|
|
|a 691
|
| 991 |
0 |
0 |
|a ПерфиМАКПОГОЕНРСРИАМСТРИПОНЧЕРОЕКИПСТНРКИГООВАМГЫЫОШЛЕННОГО
|
| 997 |
|
|
|a 0000020418
|
| 998 |
|
|
|a 20418
|
| 999 |
f |
f |
|i 0caee0d1-2619-48da-9c4a-2de6fa025985
|s 11da8e7a-edf5-453c-bf8c-7b423cd9d44c
|t 0
|